000 00288nam a22001337a 4500
008 170731b xxu||||| |||| 00| 0 eng d
020 _a9781423925170
041 _aeng
080 _211TH
_a004
100 _a32
101 _aSHK
245 _aCOMPUTER CONCEPTS
_cOJA,D
942 _2udc
_cBK
999 _c22311
_d22311